Statistiques concernant 20 Utilisateurs d'eau dans les Mangas / Anime

Cliquez ici pour prendre le quiz!

Statistiques générales

  • Ce quiz a été pris 66 fois
  • Le résultat moyen est 6 sur 20

Statistiques - réponses

Réponse% Correct
Tanjiro
96%
Tortank
88%
Jinbei
82%
Tobirama
81%
Jubia
67%
Noelle
53%
Aqua
33%
Hallibel
28%
Katara
21%
Julian Solo / Poseidon
19%
Ami
7%
Ren Kogyoku
5%
Aoto
2%
Hanzo Suiden
2%
Liver
2%
Penny
2%
Rabo
2%
Tsukiumi
2%
Umi
2%
Gomamon
0%

Distribution des résultats

Percentile par nombre de réponses

% des personnes avec chaque résultat

Votre développement - résultats

Vous n’avez pas pris ce quiz